000 00320nam a2200133Ia 4500
008 240624s9999 xx 000 0 und d
041 _aeng
082 _a519.5 PRI
100 _aFOSTER DEAN P
245 _aBASIC BUSINESS STATISTICS A CASEBOOK
260 _c1998
_bSpringer
300 _axvi, 244 p.
365 _cERU
_b30
999 _c30912
_d30912